000 00534nam a2200181Ia 4500
005 20250508154910.0
008 008 250505s9999 xx 000 0 hin d
037 _aTextual
040 _aFEDL
_beng
_cFEDL
041 _ahin
_2eng
084 _a891.43, CHA
_qFEDL
100 _aChaturvedi Parshuram
245 0 _aHindi sahitya ka brehat itihas: Soleh bhagon mein, Chaturth bhag
260 _aVaranasi, India
_bNagri Pracharani Sabha
300 _a558p
942 _cTEXL
_h891.43, CHA
999 _c1352694
_d1352694